|
|
|
|
| LEADER |
00000naa2a2200000 4500 |
| 001 |
590816 |
| 005 |
20231101131630.0 |
| 035 |
|
|
|a (RuTPU)RU\TPU\tpu\333
|
| 035 |
|
|
|a TPU00000333
|
| 090 |
|
|
|a 590816
|
| 100 |
|
|
|a 20011210a1958 k y0rusy50 ca
|
| 101 |
0 |
|
|a rus
|
| 102 |
|
|
|a RU
|
| 200 |
1 |
|
|a Вычисление теодолитного хода, замкнутого на два твердых пункта, с условием минимальной ошибки ориентирования
|f В. И. Акулов
|
| 461 |
|
1 |
|0 (RuTPU)RU\TPU\prd\185
|x 0536-101X
|t Известия вузов. Геодезия и аэрофотосъемка
|o научно-технический журнал
|d 1957-1997
|
| 463 |
|
1 |
|0 (RuTPU)RU\TPU\prd\170938
|t Вып. 5
|v С. 83-105
|d 1958
|
| 610 |
1 |
|
|a геодезия
|
| 610 |
1 |
|
|a топография
|
| 610 |
1 |
|
|a картография
|
| 610 |
1 |
|
|a теодолитные ходы
|
| 610 |
1 |
|
|a труды учёных ТПУ
|
| 700 |
|
1 |
|a Акулов
|b В. И.
|
| 801 |
|
0 |
|a RU
|b 63413507
|c 20011210
|g PSBO
|
| 801 |
|
2 |
|a RU
|b 63413507
|c 20221128
|g PSBO
|
| 942 |
|
|
|c BK
|